Vida militar
Tallennettuna:
| Päätekijä: | |
|---|---|
| Aineistotyyppi: | Kirja |
| Kieli: | espanja |
| Julkaistu: |
Santiago
Ercilla
1942
|
| Aiheet: | |
| Tagit: |
Lisää tagi
Ei tageja, Lisää ensimmäinen tagi!
|
MARC
| LEADER | 00000nam a2200000 a 4500 | ||
|---|---|---|---|
| 001 | UCX2342 | ||
| 003 | CL-VaPUC | ||
| 008 | 910424e19420000CL |||||||||||||||||spa|d | ||
| 082 | 0 | 4 | |a 853 |b DEA |2 21 |
| 100 | 0 | |a De Amicis, Edmundo |e author |9 318243 | |
| 245 | 1 | 0 | |a Vida militar |
| 300 | |a 227 p | ||
| 942 | |c BK | ||
| 945 | |d 19910424 00:00:00 | ||
| 260 | |a Santiago |b Ercilla |c 1942 | ||
| 650 | 7 | |a CUENTOS ITALIANOS |2 CL-VaPUC |9 310431 | |
| 583 | |a last modification |c 19910424 00:00:00 |k Rodrigo Vera | ||
| 999 | |c 223383 |d 223381 | ||
| 952 | |0 0 |1 0 |4 0 |6 853_000000000000000_DEA_1942 |7 0 |8 X |9 219126 |a BIBHIS |b BIBHIS |d 2019-11-15 |i 2878968 |o 853 DEA 1942 |p 2878968 |r 2024-01-30 |w 2019-11-15 |y BK_X |k HIS | ||